Спираль | Дело д'Артеза | Рассказы и повесть (Запись № 5740719)

Подробности
000 -МАРКЕР
контрольное поле 01997nam0a22003611 4500
001 - ИДЕНТИФИКАТОР ЗАПИСИ
контрольное поле rc\980817
005 - ИДЕНТИФИКАТОР ВЕРСИИ
контрольное поле 20250622064628.0
035 ## - ДРУГИЕ СИСТЕМНЫЕ НОМЕРА
Идентификатор записи (NLR Aleph) 006148873
100 ## - ДАННЫЕ ОБЩЕЙ ОБРАБОТКИ
Данные общей обработки 20041129d1982 |||y0rusy50 ca
101 0# - ЯЗЫК РЕСУРСА
Язык текста, звукозаписи и т.д. русский
102 ## - СТРАНА ПУБЛИКАЦИИ ИЛИ ПРОИЗВОДСТВА
Страна публикации Российская Федерация
105 ## - ПОЛЕ КОДИРОВАННЫХ ДАННЫХ: ТЕКСТОВЫЕ МАТЕРИАЛЫ, МОНОГРАФИЧЕСКИЕ
Кодированные данные о монографическом текстовом документе a |||||||||
200 1# - ЗАГЛАВИЕ И СВЕДЕНИЯ ОБ ОТВЕТСТВЕННОСТИ
Основное заглавие Спираль
Сведения, относящиеся к заглавию Роман бессонной ночи
Основное заглавие Дело д'Артеза
Сведения, относящиеся к заглавию Роман
Основное заглавие Рассказы и повесть
Сведения, относящиеся к заглавию Пер. с нем.
Первые сведения об ответственности Ганс Эрих Носсак
Последующие сведения об ответственности [Предисл. П. Топера, с. 5-26
-- Худож. Т. Толстая]
210 ## - ПУБЛИКАЦИЯ, РАСПРОСТРАНЕНИЕ И ДР.
Место издания, распространения и т.д. М.
Имя издателя, распространителя и т. д. Радуга
Дата издания, распространения и т.д. 1982
215 ## - ФИЗИЧЕСКАЯ ХАРАКТЕРИСТИКА
Специфическое обозначение материала и объем 624 с.
Другие сведения о физической характеристике ил.
Размеры 20
225 1# - СЕРИЯ
Основное заглавие серии Мастера современной прозы
Наименование части Федеративная Республика Германия
300 ## - ОБЩИЕ ПРИМЕЧАНИЯ
Текст примечания Редкол. сер.: Анджапаридзе Г.А. и др.
327 1# - ПРИМЕЧАНИЯ О СОДЕРЖАНИИ
Текст примечания Содерж.: Спираль: Роман бессонной ночи; Дело д'Артеза: Роман; Завещание Луция Эврина: Повесть; Рассказы: Кассандра; Клонц; Орфей и...; Юноша из морских глубин; Перочинный нож
464 #0 - АНАЛИТИЧЕСКИЙ УРОВЕНЬ
Встроенное поле 2001#$aСпираль
Заглавие Спираль
464 #0 - АНАЛИТИЧЕСКИЙ УРОВЕНЬ
Встроенное поле 2001#$aДело д'Артеза
Заглавие Дело д'Артеза
464 #0 - АНАЛИТИЧЕСКИЙ УРОВЕНЬ
Встроенное поле 2001#$aЗавещание Луция Эврина
Заглавие Завещание Луция Эврина
464 #0 - АНАЛИТИЧЕСКИЙ УРОВЕНЬ
Встроенное поле 2001#$aКассандра
Заглавие Кассандра
464 #0 - АНАЛИТИЧЕСКИЙ УРОВЕНЬ
Встроенное поле 2001#$aКлонц
Заглавие Клонц
464 #0 - АНАЛИТИЧЕСКИЙ УРОВЕНЬ
Встроенное поле 2001#$aОрфей и...
Заглавие Орфей и...
464 #0 - АНАЛИТИЧЕСКИЙ УРОВЕНЬ
Встроенное поле 2001#$aЮноша из морских глубин
Заглавие Юноша из морских глубин
464 #0 - АНАЛИТИЧЕСКИЙ УРОВЕНЬ
Встроенное поле 2001#$aПерочинный нож
Заглавие Перочинный нож
700 #1 - ИМЯ ЛИЦА - ПЕРВИЧНАЯ ОТВЕТСТВЕННОСТЬ
Графика поля Кириллица
Материалы, к которым относится поле rus
Начальный элемент ввода Носсак
Часть имени, кроме начального элемента ввода Г. Э.
Даты 1901-1977
Расширение инициалов личного имени Ганс Эрих
Системный номер авторитетной/нормативной записи 252333
Идентификатор авторитетной/нормативной записи RU\NLR\AUTH\770252389
801 #0 - ИСТОЧНИК ЗАПИСИ
Страна Российская Федерация
Организация NLR
Правила каталогизации psbo
801 #1 - ИСТОЧНИК ЗАПИСИ
Страна Российская Федерация
Организация ELAR
Источник данных rusmarc
852 ## - МЕСТОНАХОЖДЕНИЕ И ШИФР ХРАНЕНИЯ
Идентификатор организации NLR
Шифр хранения (Call Number) 83-3/1141
942 ## - ДОПОЛНИТЕЛЬНЫЕ ЭЛЕМЕНТЫ ЗАПИСИ (АБИС)
Тип экземпляра АБИС Книга
980 ## - КОЛЛЕКЦИЯ
Название коллекции Национальная библиография
Экземпляры
Тип экземпляра Дата поступления Библиотека постоянного хранения Библиотека текущего хранения Место хранения Шифр хранения Штрих-код Статус экземпляра Источник поступления
Книга 26.10.2013 РНБ (Московский) РНБ (Московский) Русский книжный фонд: издания с 1957 года 83-3/1141 6148873-10    
Книга 11.09.2015 РНБ (Фонтанка) РНБ (Фонтанка) Юношеский читальный зал Ю И(нем)/Н-84 1-1004098   Источник неизвестен